La discographie de Taemin - Statistiques

Statistiques générales
  • Ce quiz a été pris 25 fois
    10 depuis la dernière actualisation
  • Le résultat moyen est 39 sur 96
Statistiques - réponses
Réponse % Correct
Criminal
100%
Danger
100%
Guilty
100%
Heaven
100%
Move
100%
Sexy In The Air
100%
Advice
83%
Finale
83%
Idea
83%
The Rizzness
83%
Veil
83%
Want
83%
2 Kids
67%
Ace
67%
Blue
67%
Crush
67%
Deja Vu
67%
G.O.A.T
67%
Horizon
67%
Love
67%
Not Over You
67%
Press Your Number
67%
Pretty Boy (Feat Kai)
67%
Rise
67%
Say Less
67%
Sayonara Hitori
67%
Shadow
67%
She Loves Me, She Loves Me Not
67%
Black Rose (Feat Kid Milli)
50%
Door
50%
Drip Drop
50%
Goodbye
50%
Impressionable
50%
Light
50%
Monologue
50%
Mystery Love
50%
Night Away
50%
Pansy
50%
Slave
50%
Soldier
50%
Strings
50%
The Unknow Sea
50%
Already
33%
Artistic Groove
33%
Be Your Enemy (feat Wendy)
33%
Bones
33%
Exclusive
33%
Famous
33%
Flame Of Love
33%
Holy Water
33%
Identity
33%
If I Could Tell You (feat Taeyeon)
33%
Into The Rhythm
33%
I Think It's Love
33%
One By One
33%
Sexuality
33%
Stone Heart
33%
Strangers
33%
Think Of You
33%
Thirsty
33%
Under My Skin
33%
Back To You
17%
Better Man
17%
Clockwork
17%
Colours
17%
Crazy 4 U
17%
Day And Night
17%
Draw
17%
Experience
17%
Final Dragon
17%
Guess Who
17%
Heart Stop (Feat Seulgi)
17%
Hypnosis
17%
I'm Crying
17%
It's You
17%
Just Me And You
17%
Mars
17%
My Day
17%
Nemo
17%
Sad Kids
17%
Snow Flower
17%
Tiger
17%
Truth
17%
Until Today
17%
Wicked
17%
Do It Baby
0%
Eclipse
0%
Itsuka Koko De
0%
Never Forever
0%
Outro
0%
Play Me
0%
Sekaide Ichiban Aishitahito
0%
Tease
0%
The Last Christmas
0%
Waiting For
0%
What's This Feeling
0%
Aucun quiz correspondant
Distribution des résultats
% des personnes avec chaque résultat
Percentile par nombre de réponses
Votre historique - résultats
Vous n’avez pas pris ce quiz depuis la dernière actualisation